000 01884nam0a2200337 i 4500
001 RU\NLR\bibl\1883148
005 20260405191008.0
010 _a9785977508315
_91200
021 _aRU
_b2012-14637
_91100
035 _a(NLR Aleph) 001872897
090 _a2685673
_c2685673
100 _a20120215d2012 u y0rusy50 ca
101 0 _arus
102 _aRU
105 _aa |||||||||
200 1 _aТехнологии современных сетей Ethernet
_eметоды коммутации и управления потоками данных
_eучебное пособие
_eдля студентов высших учебных заведений по специальности 230101 "Вычислительные машины, комплексы, системы и сети"
_fЕ.В. Смирнов, П.В. Козик
_gпод ред. Б.В. Кострова
210 _aСанкт-Петербург
_cБХВ-Петербург
_d2012
215 _a271, [1] с.
_cил.
_d24
225 1 _aУчебное пособие
300 _aВ вып. дан. авт.: Смирнова Е.В. к.т.н., Козик П.В., Костров Б.В. к.т.н., проф.
320 _aБиблиогр. в конце текста (22 назв.)
606 _aETHERNET, локальная вычислительная сеть
_jУчебные издания для высших учебных заведений
_92560766
_3RU\NLR\auth\661514808
686 _aЗ988.02я73-1
700 1 _4070
_8rus
_7ca
_aСмирнова
_bЕ. В.
_cканд. техн. наук
_gЕлена Викторовна
_3RU\NLR\auth\7783088
_966016
701 1 _aКозик
_bП. В.
_gПавел Владимирович
_4070
801 0 _aRU
_bNLR
_c20120215
_gRCR
801 1 _aRU
_bNLR
_c20120215
830 _aлица по кн.
942 _cBOOK
980 _aNBR